Movies Quiz

Random Movies or Oscar Quiz

Highest Oscar Win Percentage Quiz Stats

 Plays Quiz Updated Aug 29, 2019

Score 0/37 Timer 07:00
0 Plays Today
Wins/Noms Film % Correct
11/14Titanic
86%
11/11The Lord of the Rings: The Return of the King
61.4%
8/13Gone With the Wind
60.4%
11/12Ben Hur
40.7%
6/11The Godfather: Part II
40.5%
6/13Forrest Gump
39%
6/9The Hurt Locker
36.1%
8/10Slumdog Millionaire
33.8%
7/12Schindler's List
31.4%
6/10Star Wars
28.8%
6/13Chicago
26.9%
7/12Dances With Wolves
23.5%
9/12The English Patient
22.9%
7/13Shakespeare in Love
22.7%
8/12On the Waterfront
21.7%
7/10Gravity
20.9%
8/11Gandhi
20.4%
10/11West Side Story
20.3%
7/10Lawrence of Arabia
20.1%
Wins/Noms Film % Correct
8/11Amadeus
19.6%
6/10Mad Max: Fury Road
18.8%
7/10The Sting
18%
7/11Out of Africa
18%
7/10Patton
17.9%
6/14All About Eve
17.2%
9/9The Last Emperor
16.2%
8/12My Fair Lady
14.8%
7/8The Bridge on the River Kwai
13.8%
9/9Gigi
13.4%
8/10Cabaret
12.9%
8/13From Here to Eternity
12.3%
7/8The Best Years of Our Lives
11.7%
6/8An American in Paris
8.4%
6/12Mrs. Miniver
8.2%
6/8A Man for All Seasons
7.9%
7/10Going My Way
7.1%
6/9A Place in the Sun
2.7%

You're not logged in!

Compare scores with friends on all Sporcle quizzes.
OR
Log In

Sporcle TV

Today on Sporcle TV


Watch our educational content, quiz creation guides, and fun videos on Sporcle TV.

Show Comments

Extras

Top Quizzes Today


Score Distribution

Your Account Isn't Verified!

In order to create a playlist on Sporcle, you need to verify the email address you used during registration. Go to your Sporcle Settings to finish the process.

Report this User

Report this user for behavior that violates our Community Guidelines.

Details: